| 000 | 00355nam a22001217a 4500 | ||
|---|---|---|---|
| 008 | 151013b xxu||||| |||| 00| 0 eng d | ||
| 020 | _a0155188410. | ||
| 082 | _a330 BAU | ||
| 100 |
_aBAUMOL WILLIAM J. _cBLINDER ALAN S. |
||
| 245 |
_aECONOMICS: _bPRINCIPLES AND POLICY |
||
| 250 | _a3rd ED. | ||
| 260 |
_aNEW YORK: _bHARCOURT BRACE JOVANOVICH,PUBLISHERS, _c1985. |
||
| 999 |
_c3544 _d3544 |
||